Mchy i paprotniki - zakres wojewódzkiego konkursu kuratoryjnego - Statystyki

Ogólne statystyki
  • Ten quiz został rozwiązany 11 razy
  • Średni wynik to 5 z 9
Statystyki odpowiedzi
Obrazkowy Odpowiedź % Poprawnych
pióropusznik strusi
80%
skrzyp
80%
torfowiec
80%
widłak
80%
orlica pospolita
60%
paprotka
60%
płonnik
40%
salwinia
40%
długosz królewski
20%
Nie znaleziono quizów pasujących do podanych kryteriów
Rozkład punktacji
Procent ludzi z każdym wynikiem
Percentyl według liczby udzielonych odpowiedzi
Twoja historia wyników
Nie rozwiązałeś tego quizu